| 000 | 00608nam a2200181 i 4500 | ||
|---|---|---|---|
| 001 | 149782 | ||
| 003 | ES-MaACL | ||
| 007 | t| | ||
| 008 | 071024s1955 sp ||||1| spa d | ||
| 100 | 1 |
_aVázquez Seijas, Manuel. _9113487 |
|
| 245 | 1 | 0 |
_aFortalezas de Lugo y su provincia _b: (notas arqueológicas, históricas y genealógicas) / _cpor Manuel Vázquez Seijas. |
| 260 |
_aLugo : _bMuseo Provincial de Lugo, _c1955. |
||
| 300 |
_a1 v. ; _c22 cm. |
||
| 650 | 1 | 4 |
_aFortificaciones- _zLugo (Provincia) _9221493 |
| 710 | 2 |
_aMuseo Provincial de Lugo. _95917 |
|
| 852 |
_aES-MaACL _jP-895 |
||
| 999 |
_c149782 _d149782 |
||